000 00358cam a2200145ua 4500
041 _aeng
_h
082 _a822
_bSTR/BE
100 _aStrachey, Leo .
245 _aBeaumont and fietcher, Vol 1 /
_cLeo Strachey.
_hTextual Documents
260 _aLondon :
_bErnest Benn Ltd ,
_c1949.
300 _a471 ; .
504 _a
942 _cBK
999 _c4449
_d4449